U.S. State Capitals - Sudden Death - Statistics

General Stats
  • This quiz has been taken 132,394 times
    132,389 since last reset
  • The average score is 7 of 15
Answers on the Grid
Answers color-coded by a green-red scale on the quiz's grid according to % correct below.
Albuquerque
Atlanta
Austin
Baltimore
Birmingham
Boston
Butte
Charleston
Charlotte
Cincinnati
Columbia
Concord
Denver
Fairbanks
Fargo
Gary
Honolulu
Jacksonville
Jefferson City
Lexington
Lincoln
Madison
Montpelier
New York
Phoenix
Pierre
Reno
Sacramento
Sioux Falls
Spokane
Tulsa
Vicksburg
 
Answer Stats
Answer % Correct
Georgia Atlanta
61%
Texas Austin
58%
Massachusetts Boston
53%
Hawaii Honolulu
50%
Colorado Denver
48%
Arizona Phoenix
46%
California Sacramento
45%
Nebraska Lincoln
38%
Missouri Jefferson City
37%
South Carolina Columbia
36%
New Hampshire Concord
36%
Wisconsin Madison
36%
Vermont Montpelier
36%
West Virginia Charleston
35%
South Dakota Pierre
35%
No matching quizzes found
Score Distribution
Percent of People with Each Score
Percentile by Number Answered
Your Score History
You have not taken this quiz since the last reset